|
|
|
|
| LEADER |
00809nam a22002292a 4500 |
| 001 |
001396972 |
| 003 |
CZ BrMZK |
| 005 |
20140912141345.0 |
| 007 |
ta |
| 008 |
140624s1960 gw er|||||||||||ger d |
| 040 |
|
|
|a ABD045
|b cze
|d BOA001
|
| 080 |
9 |
|
|a 577.3
|
| 100 |
1 |
|
|a Beier, Walter
|7 jx20040720134
|4 aut
|
| 245 |
1 |
0 |
|a Biophysik :
|b eine Einführung in die physikalische Betrachtungsweise der Eigenschaften und Funktionen lebender Systeme /
|c Walter Beier
|
| 260 |
|
|
|a Leipzig :
|b G. Thieme,
|c 1960
|
| 300 |
|
|
|a 11, 507 s.
|
| 650 |
0 |
7 |
|a biofyzika
|7 ph114152
|2 czenas
|
| 653 |
0 |
|
|a biologická statistika
|a životní systémy
|a matematická statistika
|
| 910 |
|
|
|a BOA001
|b 2-0440.913
|
| 990 |
|
|
|a BK
|
| 991 |
|
|
|b 201406
|
| 996 |
7 |
|
|b 2619094908
|c 2-0440.913
|l MZK
|r Sklad / do 24 hodin
|n 0
|w 001432110
|u 000010
|a 1
|e BOA001
|j MZK50
|s A
|